| 000 | 00506nam a22001932 4500 | ||
|---|---|---|---|
| 001 | 0000004539 | ||
| 005 | 20170406115913.0 | ||
| 008 | 141009s xx 000 0 eng d | ||
| 020 | _c$ | ||
| 040 |
_aYour Holding Symbol _cYour Holding Symbol |
||
| 100 | 1 | _aSMITH,JANET ADAM. | |
| 245 | 1 | 4 | _aThe faber book of children verse. |
| 250 | _a ed. | ||
| 260 |
_alondon : _bRussell square, _c1950. |
||
| 300 |
_a412 p. ; _c cm. |
||
| 504 | _aindex. | ||
| 650 | 0 | _afiction. | |
| 908 | _a141009 | ||
| 999 |
_c4362 _d4362 |
||